|
|
|
|
| LEADER |
03247nam a22004815i 4500 |
| 001 |
978-3-319-34124-8 |
| 003 |
DE-He213 |
| 005 |
20160917085600.0 |
| 007 |
cr nn 008mamaa |
| 008 |
160917s2016 gw | s |||| 0|eng d |
| 020 |
|
|
|a 9783319341248
|9 978-3-319-34124-8
|
| 024 |
7 |
|
|a 10.1007/978-3-319-34124-8
|2 doi
|
| 040 |
|
|
|d GrThAP
|
| 050 |
|
4 |
|a RD78.3-87.3
|
| 072 |
|
7 |
|a MMB
|2 bicssc
|
| 072 |
|
7 |
|a MED006000
|2 bisacsh
|
| 082 |
0 |
4 |
|a 617.96
|2 23
|
| 245 |
1 |
0 |
|a Essential Echocardiography
|h [electronic resource] :
|b Transesophageal Echocardiography for Non-cardiac Anesthesiologists /
|c edited by Timothy M. Maus, Sonia Nhieu, Seth T. Herway.
|
| 264 |
|
1 |
|a Cham :
|b Springer International Publishing :
|b Imprint: Springer,
|c 2016.
|
| 300 |
|
|
|a XII, 301 p. 193 illus., 183 illus. in color.
|b online resource.
|
| 336 |
|
|
|a text
|b txt
|2 rdacontent
|
| 337 |
|
|
|a computer
|b c
|2 rdamedia
|
| 338 |
|
|
|a online resource
|b cr
|2 rdacarrier
|
| 347 |
|
|
|a text file
|b PDF
|2 rda
|
| 505 |
0 |
|
|a A. Section 1: Basic Perioperative Echocardiography -- Chapter 1. TEE in Non-Cardiac Surgery: Indications, Contraindications, Probe Manipulation, and Certification -- Chapter 2. Transesophageal Echocardiography: Essential Views -- Chapter 3. Physics of Ultrasound, Doppler Echocardiography and Hemodynamic Assessment -- B. Section 2: Echocardiographic Assessment -- Chapter 4. Left Ventricular Systolic Function -- Chapter 5. Regional Ventricular Function -- Chapter 6. Mitral Valve -- Chapter 7. Aortic Valve -- Chapter 8. The Right Heart -- Chapter 9. Diastology -- Chapter 10. Thoracic Aorta -- Chapter 11. Rescue Echocardiography -- Chapter 12. Imaging Artifacts and Common Misdiagnoses -- Chapter 13. Adult Congenital Heart Disease -- C. Section 3: Surface Ultrasound -- Chapter 14. Transthoracic Echocardiography: The Basic Views -- Chapter 15. Ultrasound for Vascular Access.
|
| 520 |
|
|
|a Covering both transesophageal echocardiography (TEE) and transthoracic echocardiography (TTE), this book fills the need of accessible information for the practitioner seeking a basic level of familiarity with TEE and TTE in the perioperative management of the surgical patient. This book is a practical guide on echocardiography written for non-cardiac anesthesiologists and critical care physicians who wish to become familiar with the use of transesophageal echocardiography (TEE) and transthoracic echocardiography (TTE) as well as a resource for anesthesiologists studying for the Basic PTE examination. Essential Echocardiology also features extensive figures and more than 100 echocardiography videos.
|
| 650 |
|
0 |
|a Medicine.
|
| 650 |
|
0 |
|a Anesthesiology.
|
| 650 |
|
0 |
|a Critical care medicine.
|
| 650 |
|
0 |
|a Cardiology.
|
| 650 |
1 |
4 |
|a Medicine & Public Health.
|
| 650 |
2 |
4 |
|a Anesthesiology.
|
| 650 |
2 |
4 |
|a Intensive / Critical Care Medicine.
|
| 650 |
2 |
4 |
|a Cardiology.
|
| 700 |
1 |
|
|a Maus, Timothy M.
|e editor.
|
| 700 |
1 |
|
|a Nhieu, Sonia.
|e editor.
|
| 700 |
1 |
|
|a Herway, Seth T.
|e editor.
|
| 710 |
2 |
|
|a SpringerLink (Online service)
|
| 773 |
0 |
|
|t Springer eBooks
|
| 776 |
0 |
8 |
|i Printed edition:
|z 9783319341224
|
| 856 |
4 |
0 |
|u http://dx.doi.org/10.1007/978-3-319-34124-8
|z Full Text via HEAL-Link
|
| 912 |
|
|
|a ZDB-2-SME
|
| 950 |
|
|
|a Medicine (Springer-11650)
|